| 000 | 00505nam a22001937a 4500 | ||
|---|---|---|---|
| 003 | OSt | ||
| 005 | 20250315150601.0 | ||
| 008 | 130608t xxu||||| |||| 00| 0 eng d | ||
| 050 |
_aML 1700 _b.G193 1989 |
||
| 082 |
_aM 782.1 _bG14 1989 |
||
| 100 | _aGammond, Peter | ||
| 245 |
_aBluff your way in opera / _cGammond, Peter |
||
| 260 |
_aWest Sussex : _bRavette Books Limited, _c1989. |
||
| 300 |
_a61 p. : _c18 cm. |
||
| 526 | _c1210L-1700L | ||
| 562 | _e1 | ||
| 942 |
_2lcc _cBK |
||
| 999 |
_c16872 _d16872 |
||